[Event "27. ekipno prvenstvo RH - I.B"]
[Site "Biograd, Hotel Adria"]
[Date "2018.09.17"]
[Round "3.46"]
[White "Vrban, Mladen"]
[Black "Brulic, Denis"]
[Result "1/2-1/2"]
[WhiteElo "2280"]
[BlackElo "2232"]
[PlyCount "37"]
[EventDate "2018.09.15"]
[WhiteTeam "ŠŠK PODRAVKA Koprivnica"]
[BlackTeam "ŠK MORNAR Split"]

1. f4 d5 2. Nf3 g6 3. g3 Bg7 4. Bg2 c6 5. c3 Qb6 6. e3 Nf6 7. O-O Bg4 8. h3
Bxf3 9. Bxf3 O-O 10. d4 Nbd7 11. Nd2 c5 12. Kg2 Rac8 13. g4 e6 14. g5 Ne8 15.
Rf2 Nd6 16. Nf1 Nf5 17. Ng3 Nh4+ 18. Kh2 Rfd8 19. Be2 1/2-1/2

[Event "27. ekipno prvenstvo RH - I.B"]
[Site "Biograd, Hotel Adria"]
[Date "2018.09.17"]
[Round "3.51"]
[White "Medvegy, Zoltan"]
[Black "Kosic, Dragan"]
[Result "1/2-1/2"]
[WhiteElo "2543"]
[BlackElo "2465"]
[PlyCount "71"]
[EventDate "2018.09.15"]
[WhiteTeam "ŠK GORAN Bibinje"]
[BlackTeam "AŠK JUNIOR Rijeka"]

1. Nf3 Nf6 2. c4 c5 3. Nc3 Nc6 4. g3 g6 5. Bg2 d6 6. a3 Bg7 7. Rb1 Bf5 8. d3
Qc8 9. b4 cxb4 10. axb4 Bh3 11. O-O O-O 12. b5 Bxg2 13. Kxg2 Ne5 14. Nxe5 dxe5
15. f3 Nd7 16. Be3 e6 17. Na4 b6 18. Nc3 f5 19. Qc2 Rb8 20. Rb3 Rb7 21. Ra3 Rf7
22. Rb1 h5 23. Na2 Rc7 24. Nb4 e4 25. Na6 exf3+ 26. exf3 Rb7 27. d4 e5 28. c5
exd4 29. c6 dxe3 30. Qa2 Nf6 31. cxb7 Qxb7 32. Rxe3 Nd5 33. Re8+ Kh7 34. Qc4
Qd7 35. Rbe1 f4 36. Nb4 1/2-1/2

[Event "27. ekipno prvenstvo RH - I.B"]
[Site "Biograd, Hotel Adria"]
[Date "2018.09.17"]
[Round "3.52"]
[White "Antunac, Goran"]
[Black "Rezan, Sasa"]
[Result "1/2-1/2"]
[WhiteElo "2359"]
[BlackElo "2436"]
[PlyCount "66"]
[EventDate "2018.09.15"]
[WhiteTeam "AŠK JUNIOR Rijeka"]
[BlackTeam "ŠK GORAN Bibinje"]

1. d4 Nf6 2. Nf3 d5 3. c4 e6 4. g3 dxc4 5. Qc2 a6 6. Qxc4 b5 7. Qc2 Bb7 8. Bg2
Nbd7 9. O-O c5 10. a4 b4 11. Nbd2 Rc8 12. Qd3 cxd4 13. Qxd4 Bc5 14. Qh4 O-O 15.
Nb3 Be7 16. Rd1 Bd5 17. Nfd4 Bxg2 18. Kxg2 Nc5 19. Nxc5 Rxc5 20. Bg5 h6 21.
Bxf6 Bxf6 22. Qe4 Rc4 23. e3 Bxd4 24. Rxd4 Rxd4 25. exd4 Qd7 26. b3 Rd8 27. Rd1
Qc7 28. h4 Rd5 29. Rd2 Qd7 30. f4 g6 31. Kf3 Kg7 32. Ke3 Qd6 33. Rc2 a5 1/2-1/2

[Event "27. ekipno prvenstvo RH - I.B"]
[Site "Biograd, Hotel Adria"]
[Date "2018.09.17"]
[Round "3.53"]
[White "Bilobrk, Franjo"]
[Black "Mufic, Goran"]
[Result "1/2-1/2"]
[WhiteElo "2360"]
[BlackElo "2254"]
[PlyCount "135"]
[EventDate "2018.09.15"]
[WhiteTeam "ŠK GORAN Bibinje"]
[BlackTeam "AŠK JUNIOR Rijeka"]

1. d4 Nf6 2. c4 c5 3. Nf3 cxd4 4. Nxd4 g6 5. Nc3 Bg7 6. e4 d6 7. Be2 O-O 8. Be3
Nc6 9. O-O Bd7 10. f3 Nxd4 11. Bxd4 Bc6 12. b4 a5 13. b5 Be8 14. e5 dxe5 15.
Bxe5 Nd7 16. Bxg7 Kxg7 17. Na4 Qc7 18. Qd4+ e5 19. Qe3 Rc8 20. f4 Nc5 21. Nxc5
Qxc5 22. Qxc5 Rxc5 23. fxe5 Bd7 24. Rad1 Be6 25. Rd6 Rxe5 26. Bd3 Rc8 27. Rb6
Rc7 28. Rf4 Re1+ 29. Rf1 Re3 30. Rf3 Re1+ 31. Rf1 Rxf1+ 32. Kxf1 Bxc4 33. Bxc4
Rxc4 34. Rxb7 Ra4 35. Ra7 Rxa2 36. b6 Rb2 37. b7 a4 38. Rxa4 Rxb7 39. Kf2 Rb2+
40. Kf3 Rb3+ 41. Kf2 h6 42. Rc4 Rd3 43. Ra4 Kf6 44. Ke2 Rb3 45. Kf2 Kg5 46.
Ra5+ f5 47. Ra6 Kh5 48. Ra4 g5 49. h3 Rb2+ 50. Kf3 g4+ 51. hxg4+ fxg4+ 52. Kg3
Rb3+ 53. Kf2 Kh4 54. Ra2 Rb5 55. Rc2 g3+ 56. Ke3 Rf5 57. Ra2 h5 58. Rb2 Kg4 59.
Rb4+ Kg5 60. Ra4 Re5+ 61. Kf3 h4 62. Rg4+ Kh5 63. Rg8 Rf5+ 64. Ke3 Rf6 65. Rh8+
Kg5 66. Rg8+ Kf5 67. Kf3 Rf7 68. Rg4 1/2-1/2

[Event "27. ekipno prvenstvo RH - I.B"]
[Site "Biograd, Hotel Adria"]
[Date "2018.09.17"]
[Round "3.54"]
[White "Doric, Nenad"]
[Black "Biliskov, Vjekoslav"]
[Result "1/2-1/2"]
[WhiteElo "2249"]
[BlackElo "2292"]
[PlyCount "35"]
[EventDate "2018.09.15"]
[WhiteTeam "AŠK JUNIOR Rijeka"]
[BlackTeam "ŠK GORAN Bibinje"]

1. e4 c5 2. c3 d5 3. exd5 Qxd5 4. d4 Nf6 5. Nf3 a6 6. Be2 e6 7. O-O Nc6 8. c4
Qd6 9. dxc5 Qxd1 10. Rxd1 Ne4 11. Be3 Bxc5 12. Nd4 Nxd4 13. Bxd4 Bxd4 14. Rxd4
Nf6 15. Nc3 Bd7 16. Bf3 O-O-O 17. Rad1 Kc7 18. Kf1 1/2-1/2

[Event "27. ekipno prvenstvo RH - I.B"]
[Site "Biograd, Hotel Adria"]
[Date "2018.09.17"]
[Round "3.55"]
[White "Zelic, Mladen"]
[Black "Tomulic, Teo"]
[Result "1-0"]
[WhiteElo "2266"]
[BlackElo "2264"]
[PlyCount "63"]
[EventDate "2018.09.15"]
[WhiteTeam "ŠK GORAN Bibinje"]
[BlackTeam "AŠK JUNIOR Rijeka"]

1. e4 e5 2. f4 Bc5 3. Nf3 d6 4. Nc3 Nc6 5. Bc4 Nf6 6. d3 Qe7 7. f5 Na5 8. Bg5
c6 9. a3 Nxc4 10. dxc4 a5 11. Qd3 h6 12. Be3 Bxe3 13. Qxe3 d5 14. cxd5 cxd5 15.
exd5 Bxf5 16. O-O-O Ng4 17. Qb6 Ra6 18. Qb5+ Kf8 19. Rhe1 Qc7 20. h3 Nf6 21.
Nxe5 Kg8 22. Qf1 Bc8 23. Qd3 Nd7 24. d6 Qd8 25. Nxf7 Kxf7 26. Re7+ Qxe7 27.
dxe7 Kxe7 28. Nd5+ Kf7 29. Re1 Nf6 30. Re7+ Kf8 31. Qg6 Rg8 32. Qf7# 1-0

[Event "27. ekipno prvenstvo RH - I.B"]
[Site "Biograd, Hotel Adria"]
[Date "2018.09.17"]
[Round "3.56"]
[White "Safar, Sandro"]
[Black "Jusic, Zdenko"]
[Result "0-1"]
[WhiteElo "2214"]
[BlackElo "2261"]
[PlyCount "120"]
[EventDate "2018.09.15"]
[WhiteTeam "AŠK JUNIOR Rijeka"]
[BlackTeam "ŠK GORAN Bibinje"]

1. d4 d6 2. e4 Nf6 3. Nc3 e5 4. dxe5 dxe5 5. Qxd8+ Kxd8 6. Nf3 Bd6 7. Bc4 Ke8
8. h3 a6 9. a4 Nc6 10. Bg5 Nb4 11. O-O-O h6 12. Bxf6 gxf6 13. Nh4 Bc5 14. f3
Be6 15. Nd5 Nxd5 16. Bxd5 c6 17. Bb3 h5 18. g4 hxg4 19. hxg4 Rd8 20. Rxd8+ Kxd8
21. Rd1+ Kc7 22. Nf5 Rh7 23. Rd3 b5 24. axb5 axb5 25. Rd1 Bc8 26. Rf1 Ba6 27.
c3 b4 28. c4 Rh3 29. Ng7 Be3+ 30. Kb1 Kb6 31. Nf5 Bc5 32. Ba2 Ka5 33. Kc2 Rh2+
34. Kb3 Rd2 35. Bb1 Bd4 36. Nxd4 Rxd4 37. Rc1 c5 38. Rh1 Bxc4+ 39. Kc2 Rd3 40.
Rh3 b3+ 41. Kc1 Rd4 42. Rh2 Bd3 43. Bxd3 Rxd3 44. Rf2 Kb4 45. f4 Rg3 46. g5
Rg1+ 47. Kd2 Rb1 48. Ke3 exf4+ 49. Kxf4 fxg5+ 50. Kxg5 Re1 51. Kf5 Rc1 52. Ke5
Rc2 53. Rxf7 Rxb2 54. Rb7+ Kc3 55. Kd5 c4 56. e5 Rd2+ 57. Kc5 Re2 58. Kd5 b2
59. e6 Re1 60. e7 Rxe7 0-1

[Event "27. ekipno prvenstvo RH - I.B"]
[Site "Biograd, Hotel Adria"]
[Date "2018.09.18"]
[Round "4.11"]
[White "Sedlak, Nikola"]
[Black "Kosic, Dragan"]
[Result "1-0"]
[WhiteElo "2587"]
[BlackElo "2465"]
[PlyCount "155"]
[EventDate "2018.09.15"]
[WhiteTeam "ŠK STRIDON Štrigova"]
[BlackTeam "AŠK JUNIOR Rijeka"]

1. d4 e6 2. Nf3 d5 3. Bf4 Bd6 4. Bg3 Nf6 5. e3 O-O 6. c4 b6 7. cxd5 exd5 8. Nc3
Bb7 9. Bd3 c5 10. Rc1 Be7 11. O-O Nbd7 12. Ne5 Ne4 13. Bxe4 dxe4 14. Nxd7 Qxd7
15. dxc5 Qxd1 16. Rfxd1 Bxc5 17. Bd6 Rfc8 18. Bxc5 Rxc5 19. Rd4 g6 20. Rcd1
Rac8 21. h4 Kg7 22. Kh2 R8c7 23. R1d2 Re7 24. Rd7 Rce5 25. Rxe7 Rxe7 26. Kg3 h6
27. Rd8 g5 28. Nb5 Re5 29. Nd4 Rd5 30. Re8 Rd7 31. b4 Bd5 32. a4 Kf6 33. h5 Be6
34. b5 Bd5 35. Rc8 Kg7 36. Rc1 Kf6 37. Rc8 Kg7 38. Nf5+ Kh7 39. Rc1 Be6 40. Nd4
Bd5 41. Kh2 Kg7 42. g4 Kf6 43. Kg3 Be6 44. Rc6 Ke5 45. Rc8 Kf6 46. Nxe6 fxe6
47. Rg8 Rh7 48. Rg6+ Ke5 49. Kg2 Kd5 50. Kf1 Ke5 51. Ke2 Kd5 52. Rf6 Ke5 53.
Rf8 Kd5 54. Kd2 Kc4 55. Rf6 Kb4 56. Rxe6 Kxa4 57. Re5 Kb4 58. Ke2 Kc4 59. f3
exf3+ 60. Kxf3 Kd3 61. Rd5+ Kc4 62. Rf5 Kd3 63. e4 Kd4 64. Rd5+ Kc4 65. Ke3 Re7
66. Rd6 Kxb5 67. Rxh6 a5 68. Rg6 a4 69. Rxg5+ Kc4 70. Rg6 b5 71. Ra6 Kb3 72. g5
a3 73. g6 a2 74. h6 Re6 75. Rxa2 Rxg6 76. Rh2 Rg8 77. h7 Rh8 78. Kf4 1-0

[Event "27. ekipno prvenstvo RH - I.B"]
[Site "Biograd, Hotel Adria"]
[Date "2018.09.18"]
[Round "4.12"]
[White "Antunac, Goran"]
[Black "Nemeth, Miklos"]
[Result "1/2-1/2"]
[WhiteElo "2359"]
[BlackElo "2477"]
[PlyCount "30"]
[EventDate "2018.09.15"]
[WhiteTeam "AŠK JUNIOR Rijeka"]
[BlackTeam "ŠK STRIDON Štrigova"]

1. d4 Nf6 2. Nf3 e6 3. c4 b6 4. g3 Bb7 5. Bg2 Be7 6. O-O O-O 7. Nc3 Bb4 8. Bd2
c5 9. Rc1 Bxc3 10. Bxc3 Ne4 11. Qd3 d5 12. Ne5 f6 13. Nf3 Nd7 14. cxd5 Bxd5 15.
Nd2 Nxc3 1/2-1/2

[Event "27. ekipno prvenstvo RH - I.B"]
[Site "Biograd, Hotel Adria"]
[Date "2018.09.18"]
[Round "4.15"]
[White "Trbojevic, Mladen"]
[Black "Tomulic, Teo"]
[Result "1-0"]
[WhiteElo "2353"]
[BlackElo "2264"]
[PlyCount "85"]
[EventDate "2018.09.15"]
[WhiteTeam "ŠK STRIDON Štrigova"]
[BlackTeam "AŠK JUNIOR Rijeka"]

1. e4 c5 2. Nf3 e6 3. c3 d5 4. exd5 Qxd5 5. d4 Nf6 6. Na3 Be7 7. Nb5 Na6 8. Be3
O-O 9. Be2 cxd4 10. Bxd4 Bd7 11. a4 Bxb5 12. axb5 Nc5 13. O-O Rfd8 14. Ne5 Qd6
15. Bf3 Qc7 16. Qc2 Bd6 17. Rfe1 Ncd7 18. Nxd7 Nxd7 19. g3 Bc5 20. Red1 e5 21.
Bxc5 Nxc5 22. Bd5 Rd6 23. Qf5 Rf6 24. Qg4 Qb6 25. Qe2 e4 26. Rd4 g6 27. b4 Nd3
28. Rf1 Ne5 29. Rxe4 Nf3+ 30. Kg2 Ng5 31. Re7 Rb8 32. Qe5 Qd6 33. Qxd6 Rxd6 34.
Rxb7 Rxb7 35. Bxb7 Rb6 36. Bc6 a6 37. bxa6 Rxa6 38. b5 Ra3 39. Rb1 Ne6 40. b6
Nd8 41. Bd5 Rxc3 42. b7 Nxb7 43. Rxb7 1-0

[Event "27. ekipno prvenstvo RH - I.B"]
[Site "Biograd, Hotel Adria"]
[Date "2018.09.18"]
[Round "4.22"]
[White "Rezan, Sasa"]
[Black "Srbis, Jurica"]
[Result "1-0"]
[WhiteElo "2436"]
[BlackElo "2428"]
[PlyCount "89"]
[EventDate "2018.09.15"]
[WhiteTeam "ŠK GORAN Bibinje"]
[BlackTeam "ŠŠK PODRAVKA Koprivnica"]

1. d4 Nf6 2. c4 g6 3. Nc3 Bg7 4. e4 d6 5. Nf3 O-O 6. Be2 e5 7. O-O Nc6 8. dxe5
dxe5 9. Bg5 Qxd1 10. Rfxd1 Bg4 11. h3 Bxf3 12. Bxf3 Nd4 13. Nd5 Nxd5 14. cxd5
f5 15. Kf1 Rf7 16. Rac1 Re8 17. Be3 Ree7 18. a4 h5 19. Rc4 Kh7 20. Ke1 a6 21.
Rd3 c6 22. dxc6 bxc6 23. Kd1 Rb7 24. Bxd4 exd4 25. exf5 Rxf5 26. b3 Rb6 27.
Rxc6 Rxc6 28. Bxc6 Rxf2 29. b4 Ra2 30. Kc1 Be5 31. a5 Re2 32. Bb7 Re3 33. Bxa6
Re1+ 34. Kc2 Re2+ 35. Rd2 Rxd2+ 36. Kxd2 Bd6 37. b5 Bb4+ 38. Kd3 Bxa5 39. Kxd4
Kh6 40. Kc5 Kg5 41. b6 Kf4 42. b7 Bc7 43. Kc6 Bb8 44. Bc4 g5 45. Kd7 1-0

[Event "27. ekipno prvenstvo RH - I.B"]
[Site "Biograd, Hotel Adria"]
[Date "2018.09.18"]
[Round "4.24"]
[White "Biliskov, Vjekoslav"]
[Black "Ivekovic, Zvonimir"]
[Result "1-0"]
[WhiteElo "2292"]
[BlackElo "2424"]
[PlyCount "67"]
[EventDate "2018.09.15"]
[WhiteTeam "ŠK GORAN Bibinje"]
[BlackTeam "ŠŠK PODRAVKA Koprivnica"]

1. d4 Nf6 2. c4 c5 3. d5 e6 4. Nc3 exd5 5. cxd5 d6 6. e4 g6 7. Nge2 Bg7 8. Ng3
O-O 9. Be2 Na6 10. O-O Nc7 11. a4 Re8 12. Bg5 h6 13. Be3 Rb8 14. Qd2 Kh7 15. f3
a6 16. Rab1 a5 17. Bc4 Bd7 18. Nb5 Nxb5 19. axb5 Qb6 20. Qd3 a4 21. Kh1 Ra8 22.
Bd2 Ra7 23. Ra1 Rea8 24. f4 Ne8 25. e5 Nc7 26. f5 dxe5 27. fxg6+ fxg6 28. d6
Nxb5 29. Rf7 Be8 30. Rxg7+ Kxg7 31. Qd5 Nxd6 32. Qg8+ Kf6 33. Qf8+ Nf7 34. Rf1#
1-0

[Event "27. ekipno prvenstvo RH - I.B"]
[Site "Biograd, Hotel Adria"]
[Date "2018.09.18"]
[Round "4.26"]
[White "Jusic, Zdenko"]
[Black "Vrban, Mladen"]
[Result "0-1"]
[WhiteElo "2261"]
[BlackElo "2280"]
[PlyCount "118"]
[EventDate "2018.09.15"]
[WhiteTeam "ŠK GORAN Bibinje"]
[BlackTeam "ŠŠK PODRAVKA Koprivnica"]

1. e4 c5 2. Nf3 d6 3. Bb5+ Nd7 4. d4 a6 5. Bxd7+ Bxd7 6. O-O Qc7 7. Nc3 e6 8.
Bg5 Ne7 9. dxc5 dxc5 10. Re1 Bc6 11. Bh4 Ng6 12. Nd5 Bxd5 13. exd5 Nxh4 14.
Nxh4 O-O-O 15. c4 Be7 16. Nf3 Bf6 17. Rb1 exd5 18. cxd5 Qd6 19. Qa4 Qxd5 20. b4
cxb4 21. Rxb4 Rd7 22. Rbe4 Rhd8 23. h4 h6 24. Rb1 Rc7 25. g4 Bc3 26. Rf4 f6 27.
h5 Qc6 28. Qb3 Qd5 29. Qb6 Qxa2 30. Rb3 Rd1+ 31. Kg2 Qe2 32. Qa7 Qf1+ 33. Kg3
Be1 34. Re4 Kd7 35. Nxe1 Rxe1 36. Qd4+ Kc8 37. Rbe3 Qg1+ 38. Kf3 Rxe3+ 39. Qxe3
Qd1+ 40. Kf4 Qd6+ 41. Kf3 Qc6 42. Kg3 Qc3 43. Re8+ Kd7 44. Re7+ Kd6 45. Kf4
Qxe3+ 46. Rxe3 b5 47. Kf5 Re7 48. Ra3 Ra7 49. Kg6 Kc5 50. Rc3+ Kd4 51. Rc8 b4
52. Rb8 Kc3 53. Rc8+ Kb2 54. Rg8 b3 55. Rxg7 Rxg7+ 56. Kxg7 Kc1 57. Kxh6 b2 58.
Kg7 b1=Q 59. h6 Qb4 0-1

[Event "27. ekipno prvenstvo RH - I.B"]
[Site "Biograd, Hotel Adria"]
[Date "2018.09.18"]
[Round "4.31"]
[White "Ruck, Robert"]
[Black "Saric, Ante"]
[Result "1/2-1/2"]
[WhiteElo "2502"]
[BlackElo "2535"]
[PlyCount "22"]
[EventDate "2018.09.15"]
[WhiteTeam "ŠK ĐURO ĐAKOVIĆ Slavonski Brod"]
[BlackTeam "ŠK MORNAR Split"]

1. Nf3 d5 2. g3 c6 3. Bg2 Bg4 4. O-O Nd7 5. d4 e6 6. Nbd2 Ngf6 7. c4 Be7 8. b3
O-O 9. Bb2 a5 10. a3 h6 11. Bc3 Bf5 1/2-1/2

[Event "27. ekipno prvenstvo RH - I.B"]
[Site "Biograd, Hotel Adria"]
[Date "2018.09.18"]
[Round "4.33"]
[White "Dabo-Peranic, Robert"]
[Black "Saric, Ibro"]
[Result "0-1"]
[WhiteElo "2284"]
[BlackElo "2546"]
[PlyCount "76"]
[EventDate "2018.09.15"]
[WhiteTeam "ŠK ĐURO ĐAKOVIĆ Slavonski Brod"]
[BlackTeam "ŠK MORNAR Split"]

1. e4 e6 2. d4 d5 3. Nc3 Bb4 4. e5 b6 5. a3 Bf8 6. Bb5+ c6 7. Ba4 Ba6 8. Nce2
Bb5 9. Bxb5 cxb5 10. h4 b4 11. axb4 Bxb4+ 12. Kf1 Nc6 13. h5 Bf8 14. g4 Nh6 15.
Ng3 f6 16. Bxh6 gxh6 17. f4 fxe5 18. dxe5 Bc5 19. Kg2 Qc7 20. Nf3 Rg8 21. Nh2
O-O-O 22. Rf1 Rg7 23. c3 Kb8 24. Qe2 d4 25. Rad1 Rgd7 26. Ne4 d3 27. Qf3 Be7
28. Rf2 Na5 29. Kh3 Nb3 30. Nf1 d2 31. Re2 Bc5 32. Kh2 Rd3 33. Qg2 Qf7 34. Rf2
Bxf2 35. Qxf2 Qb7 36. Nfg3 Nc5 37. Nf6 Rf3 38. Qe2 Rdd3 0-1

[Event "27. ekipno prvenstvo RH - I.B"]
[Site "Biograd, Hotel Adria"]
[Date "2018.09.18"]
[Round "4.34"]
[White "Plenca, Julijan"]
[Black "Martic, Zlatko"]
[Result "1/2-1/2"]
[WhiteElo "2417"]
[BlackElo "2244"]
[PlyCount "89"]
[EventDate "2018.09.15"]
[WhiteTeam "ŠK MORNAR Split"]
[BlackTeam "ŠK ĐURO ĐAKOVIĆ Slavonski Brod"]

1. e4 c5 2. Nf3 e6 3. d4 cxd4 4. Nxd4 a6 5. Bd3 Nf6 6. O-O d6 7. Qe2 Qc7 8. f4
Nbd7 9. Kh1 Be7 10. c4 b6 11. Nc3 Bb7 12. f5 e5 13. Nc2 Rc8 14. Nb4 Nc5 15. Bc2
Ncd7 16. a3 Qxc4 17. Bd3 Qb3 18. Nxa6 O-O 19. Nb4 Rxc3 20. bxc3 Qxc3 21. Bd2
Qc8 22. Bg5 Qa8 23. Na6 Bd8 24. Bxf6 Nxf6 25. Rfe1 d5 26. Nb4 dxe4 27. Ba6 Be7
28. Bxb7 Qxb7 29. Nc2 Rc8 30. Ne3 h5 31. Nf1 Rc3 32. a4 h4 33. Rac1 Rd3 34. Nd2
Rd4 35. Nc4 Bc5 36. a5 Bb4 37. Red1 bxa5 38. Nxe5 Qd5 39. Rxd4 Qxd4 40. Ng4
Nxg4 41. Qxg4 Qe5 42. f6 Qxf6 43. Qxe4 g6 44. Qc4 Kg7 45. Rf1 1/2-1/2

[Event "27. ekipno prvenstvo RH - I.B"]
[Site "Biograd, Hotel Adria"]
[Date "2018.09.18"]
[Round "4.35"]
[White "Rubil, Marko"]
[Black "Bobanac, Miro"]
[Result "1/2-1/2"]
[WhiteElo "2213"]
[BlackElo "2288"]
[PlyCount "119"]
[EventDate "2018.09.15"]
[WhiteTeam "ŠK ĐURO ĐAKOVIĆ Slavonski Brod"]
[BlackTeam "ŠK MORNAR Split"]

1. e4 Nf6 2. e5 Nd5 3. d4 d6 4. c4 Nb6 5. f4 dxe5 6. fxe5 Nc6 7. Be3 Bf5 8. Nc3
e6 9. Nf3 Be7 10. Be2 O-O 11. O-O f6 12. exf6 Bxf6 13. Qd2 Qe7 14. Rad1 Rad8
15. Qc1 Rd7 16. Bf2 Rfd8 17. c5 Nd5 18. Bc4 Na5 19. Bb5 c6 20. Be2 b5 21. b3
Nb7 22. Rfe1 Nb4 23. Rd2 a6 24. h3 Bg5 25. Nxg5 Qxg5 26. a3 Nd5 27. Nxd5 exd5
28. Bf3 Be4 29. Bxe4 dxe4 30. Rxe4 Nxc5 31. Re5 Nxb3 32. Rxg5 Nxc1 33. Rg3 Re8
34. Kf1 Rde7 35. Rc3 Ne2 36. Rxc6 Nf4 37. d5 Rd7 38. d6 a5 39. Bb6 b4 40. a4
Ra8 41. Rc7 Rad8 42. Rxd7 Rxd7 43. Bxa5 b3 44. Bc3 Ne6 45. Rd5 Kf7 46. a5 Rb7
47. Bb2 Nd8 48. Ke2 Ke6 49. Rd3 g6 50. Kd2 Rb5 51. a6 Ra5 52. Rxb3 Rxa6 53. Ba3
Nc6 54. Ke3 Na5 55. Rc3 Nc4+ 56. Rxc4 Rxa3+ 57. Kf4 Kxd6 58. Re4 Ra5 59. h4
Rf5+ 60. Kg4 1/2-1/2

[Event "27. ekipno prvenstvo RH - I.B"]
[Site "Biograd, Hotel Adria"]
[Date "2018.09.18"]
[Round "4.41"]
[White "Livaic, Leon"]
[Black "Brkic, Ante"]
[Result "1/2-1/2"]
[WhiteElo "2483"]
[BlackElo "2565"]
[PlyCount "67"]
[EventDate "2018.09.15"]
[WhiteTeam "HAŠK MLADOST Zagreb"]
[BlackTeam "ŠK VINKOVCI Vinkovci"]

1. d4 Nf6 2. c4 e6 3. Nf3 d5 4. Nc3 Bb4 5. Qa4+ Nc6 6. cxd5 exd5 7. Bg5 h6 8.
Bxf6 Qxf6 9. e3 O-O 10. Be2 Be6 11. O-O a6 12. Rac1 Bd6 13. Qc2 Rfe8 14. Na4
Ne7 15. Nc5 Bxc5 16. Qxc5 c6 17. Ne5 Nc8 18. b4 Qd8 19. a4 Nd6 20. Qc3 f6 21.
Nd3 Bf7 22. Nc5 Qe7 23. Rb1 Rec8 24. Bd3 Rc7 25. Rbe1 f5 26. f3 Qg5 27. Bc2 Re8
28. f4 Qe7 29. Nd3 Ne4 30. Qb2 Nd2 31. Rf2 Ne4 32. Rff1 Nd2 33. Rf2 Ne4 34.
Rff1 1/2-1/2

[Event "27. ekipno prvenstvo RH - I.B"]
[Site "Biograd, Hotel Adria"]
[Date "2018.09.18"]
[Round "4.42"]
[White "Kadric, Denis"]
[Black "Plat, Vojtech"]
[Result "1/2-1/2"]
[WhiteElo "2543"]
[BlackElo "2540"]
[PlyCount "120"]
[EventDate "2018.09.15"]
[WhiteTeam "ŠK VINKOVCI Vinkovci"]
[BlackTeam "HAŠK MLADOST Zagreb"]

1. e4 e5 2. Bc4 Nc6 3. Nf3 Be7 4. O-O Nf6 5. d3 O-O 6. Re1 d6 7. a4 Bg4 8. a5
Nd4 9. Nbd2 b5 10. Ba2 c5 11. a6 Rc8 12. h3 Be6 13. c3 Nxf3+ 14. Nxf3 Qa5 15.
Bxe6 Qxa1 16. Bxc8 Rxc8 17. d4 cxd4 18. cxd4 Qxa6 19. dxe5 dxe5 20. Nxe5 Qe6
21. Bf4 a5 22. Nf3 Qc4 23. Qd4 Qxd4 24. Nxd4 b4 25. Ra1 Bd8 26. f3 Nd7 27. Nb3
g5 28. Be3 Ra8 29. Bd2 Ra7 30. Kf1 Bb6 31. Ra4 f6 32. Ke2 Kf7 33. g3 Ne5 34.
Be3 Bxe3 35. Kxe3 Rd7 36. Ke2 Nc4 37. Ra1 Ra7 38. Nd2 Nxd2 39. Kxd2 a4 40. Kc2
Ke6 41. f4 gxf4 42. gxf4 Kd6 43. h4 Kc5 44. Kd3 a3 45. Rc1+ Kb6 46. bxa3 bxa3
47. e5 fxe5 48. fxe5 a2 49. Ra1 Kc6 50. Kc4 h5 51. Kb3 Kd5 52. Rxa2 Rxa2 53.
Kxa2 Kxe5 54. Kb3 Kf4 55. Kc3 Kg3 56. Kd2 Kxh4 57. Ke2 Kg3 58. Kf1 h4 59. Kg1
h3 60. Kh1 h2 1/2-1/2

[Event "27. ekipno prvenstvo RH - I.B"]
[Site "Biograd, Hotel Adria"]
[Date "2018.09.18"]
[Round "4.43"]
[White "Zilka, Stepan"]
[Black "Maier, Christian"]
[Result "1-0"]
[WhiteElo "2521"]
[BlackElo "2357"]
[PlyCount "117"]
[EventDate "2018.09.15"]
[WhiteTeam "HAŠK MLADOST Zagreb"]
[BlackTeam "ŠK VINKOVCI Vinkovci"]

1. e4 e5 2. Nf3 Nc6 3. Bb5 a6 4. Ba4 Nf6 5. O-O d6 6. Re1 Be7 7. c3 O-O 8. h3
Re8 9. d4 Bd7 10. Nbd2 Bf8 11. Bc2 g6 12. Nf1 Bg7 13. Ng3 Qe7 14. Be3 Rad8 15.
Qd2 Qf8 16. Rad1 Bc8 17. d5 Nb8 18. c4 h6 19. b4 Kh7 20. Rf1 Qe7 21. c5 Nbd7
22. Qc3 Rg8 23. c6 Nf8 24. cxb7 Bxb7 25. Ba4 Nh5 26. Rc1 Rc8 27. Bc6 Bxc6 28.
Qxc6 Nf4 29. Qxa6 Nd7 30. a4 h5 31. h4 Bf6 32. Qb7 Rb8 33. Qxc7 Rxb4 34. a5 Rd8
35. Rc6 Bxh4 36. Nxh4 Qxh4 37. Rxd6 Qe7 38. Rb6 Rxe4 39. Qd6 Qg5 40. Rb7 h4 41.
Bxf4 Rxf4 42. Ne4 Rxe4 43. Rxd7 h3 44. g3 Qf5 45. Rxf7+ Qxf7 46. Qxd8 Rg4 47.
Rc1 Qf3 48. Rc7+ Kh6 49. Qh8+ Kg5 50. Qxe5+ Kh6 51. Qh8+ Kg5 52. Qxh3 Rd4 53.
Rc1 Qxd5 54. a6 Ra4 55. Re1 Qd4 56. Re5+ Qxe5 57. f4+ Rxf4 58. gxf4+ Qxf4 59.
Qg2+ 1-0

[Event "27. ekipno prvenstvo RH - I.B"]
[Site "Biograd, Hotel Adria"]
[Date "2018.09.18"]
[Round "4.44"]
[White "Stocko, Josip"]
[Black "Rogulj, Branko"]
[Result "1/2-1/2"]
[WhiteElo "2322"]
[BlackElo "2404"]
[PlyCount "139"]
[EventDate "2018.09.15"]
[WhiteTeam "ŠK VINKOVCI Vinkovci"]
[BlackTeam "HAŠK MLADOST Zagreb"]

1. e4 e5 2. Nf3 Nc6 3. Bc4 Bc5 4. c3 Nf6 5. d3 d6 6. Bb3 O-O 7. O-O Bb6 8. h3
h6 9. Nbd2 a5 10. Re1 Be6 11. Ba4 Nd7 12. Nf1 Ne7 13. d4 c6 14. Ng3 Bc7 15. Bc2
b5 16. a4 Nb6 17. b3 bxa4 18. bxa4 Nc4 19. Bd3 Rb8 20. Qe2 Nb6 21. Be3 f6 22.
c4 Nd7 23. d5 Bf7 24. Nh4 Bb6 25. Bd2 Bc5 26. Ngf5 Nxf5 27. Nxf5 Bg6 28. dxc6
Nb6 29. Qg4 Kh7 30. Bxa5 Rc8 31. Bd2 Rxc6 32. a5 Na8 33. h4 h5 34. Qf3 Nc7 35.
Reb1 Ne6 36. Rb7 Rf7 37. Rab1 Ra6 38. Rb8 Qd7 39. Qd1 Nd4 40. Nxd4 Bxd4 41. c5
Ra7 42. cxd6 Qxd6 43. Rc8 Rfc7 44. Rxc7 Rxc7 45. Bb4 Qe6 46. Qe2 Bf7 47. a6 Qc8
48. Bd2 Rd7 49. Be3 Bxe3 50. Qxe3 Qa8 51. Bf1 Bg6 52. f3 f5 53. exf5 Bxf5 54.
Ra1 e4 55. a7 Bg6 56. Ra4 Rf7 57. fxe4 Rf8 58. Qc5 Re8 59. e5 Qb7 60. Bb5 Rc8
61. Qxc8 Qxc8 62. a8=Q Qc5+ 63. Kh1 Qxb5 64. Qa5 Qe2 65. Ra3 Qf1+ 66. Kh2 Qf4+
67. Kg1 Qd4+ 68. Kh2 Qxh4+ 69. Kg1 Qd4+ 70. Kh2 1/2-1/2

[Event "27. ekipno prvenstvo RH - I.B"]
[Site "Biograd, Hotel Adria"]
[Date "2018.09.18"]
[Round "4.45"]
[White "Vujakovic, Branko"]
[Black "Pucovski, Miroslav"]
[Result "1-0"]
[WhiteElo "2340"]
[BlackElo "2241"]
[PlyCount "77"]
[EventDate "2018.09.15"]
[WhiteTeam "HAŠK MLADOST Zagreb"]
[BlackTeam "ŠK VINKOVCI Vinkovci"]

1. e4 c5 2. Nf3 Nc6 3. d4 cxd4 4. Nxd4 e5 5. Nb5 d6 6. c4 Be7 7. N1c3 a6 8. Na3
f5 9. exf5 Bxf5 10. Bd3 Be6 11. Nc2 Nf6 12. O-O O-O 13. Ne3 Nd4 14. Ned5 Nxd5
15. Nxd5 g6 16. Be4 Bf5 17. Qd3 Rf7 18. Be3 Nc6 19. Rad1 Bxe4 20. Qxe4 Bg5 21.
f4 exf4 22. Bxf4 Bxf4 23. Rxf4 Rxf4 24. Qxf4 Qf8 25. Qh4 Kh8 26. h3 Qg7 27. Nc3
Qe5 28. Ne4 Qxb2 29. c5 Qe5 30. cxd6 Rf8 31. d7 Kg7 32. Ng5 h6 33. Nf3 Qf6 34.
Qg3 Qe7 35. Qc7 Nd8 36. Re1 Qf7 37. Re8 Rxe8 38. dxe8=N+ Kf8 39. Qxd8 1-0

[Event "27. ekipno prvenstvo RH - I.B"]
[Site "Biograd, Hotel Adria"]
[Date "2018.09.18"]
[Round "4.51"]
[White "Sprenger, Jan Michael"]
[Black "Pap, Misa"]
[Result "1-0"]
[WhiteElo "2490"]
[BlackElo "2482"]
[PlyCount "83"]
[EventDate "2018.09.15"]
[WhiteTeam "ŠK BRDA Split"]
[BlackTeam "ŠK ŠIBENIK Šibenik"]

1. e4 e5 2. Nf3 Nc6 3. Bb5 a6 4. Ba4 g6 5. c3 Bg7 6. d4 d6 7. Bxc6+ bxc6 8.
dxe5 dxe5 9. Qxd8+ Kxd8 10. Nbd2 a5 11. Nb3 a4 12. Nc5 f6 13. Be3 Bf8 14.
O-O-O+ Ke8 15. Ne1 Nh6 16. h3 Nf7 17. Ned3 Ra5 18. b4 axb3 19. axb3 f5 20. b4
Ra1+ 21. Kc2 Rxd1 22. Rxd1 f4 23. Bd2 Bg7 24. f3 g5 25. c4 Nd6 26. Kb3 Kf7 27.
Ra1 Re8 28. Bc3 h5 29. Ra7 Re7 30. Bxe5 Bxe5 31. Nxe5+ Rxe5 32. Rxc7+ Re7 33.
Rxc6 Nf5 34. exf5 Re3+ 35. Ka4 Bxf5 36. b5 Rc3 37. Kb4 Rc2 38. b6 Rxg2 39. b7
Rb2+ 40. Nb3 Bc2 41. Rb6 Rxb3+ 42. Kc5 1-0